| 000 | 01336cam a22003494a 4500 | ||
|---|---|---|---|
| 001 | 12150852 | ||
| 003 | OSt | ||
| 005 | 20160602145813.0 | ||
| 008 | 000822s2000 vau b 001 0 eng | ||
| 010 | _a 00011093 | ||
| 020 | _a9780871203717 | ||
| 040 |
_aDLC _cDLC _dDLC |
||
| 042 | _apcc | ||
| 043 | _an-us--- | ||
| 050 | 0 | 0 |
_aLB 1590.3 _b.In59 2000 |
| 082 | 0 | 0 |
_aGLT 370.15 _bIn8 2000 |
| 245 | 0 | 0 |
_aIntegrating & sustaining habits of mind / _cedited by Arthur L. Costa and Bena Kallick ; foreword by David Perkins. |
| 246 | 3 | _aIntegrating and sustaining habits of mind | |
| 260 |
_aAlexandria, Va. : _bAssociation for Supervision and Curriculum Development, _c2000. |
||
| 300 |
_a107 p. : _c23 cm. |
||
| 440 | 0 |
_aHabits of mind ; _vbk. 4 _922522 |
|
| 500 | _aIncludes bibliographical references (p. 93-97) and index. | ||
| 650 | 0 |
_aThought and thinking _xStudy and teaching _zUnited States. _922523 |
|
| 650 | 0 |
_aCognition in children. _922524 |
|
| 650 | 0 |
_aEffective teaching _zUnited States. _922525 |
|
| 700 | 1 |
_aCosta, Arthur L. _922526 |
|
| 700 | 1 |
_aKallick, Bena. _9119 |
|
| 906 |
_a7 _bcbc _corignew _d1 _eecip _f20 _gy-gencatlg |
||
| 942 |
_cBK _2lcc |
||
| 999 |
_c12548 _d12548 |
||